[Event "Kalyan op 2nd"]
[Site "Kalyan"]
[Date "2019.02.02"]
[Round "9"]
[White "Kshatriya, Nitin Vekhande"]
[Black "Choudki, Khushi"]
[Result "1-0"]
[WhiteElo "1544"]
[BlackElo "1383"]
[PlyCount "131"]
[EventDate "2019.01.29"]
[EventType "swiss"]
[EventRounds "10"]
[EventCountry "IND"]
[SourceTitle "CBM 188 Extra"]
[Source "ChessBase"]
[SourceDate "2019.02.26"]
[SourceVersion "1"]
[SourceVersionDate "2019.02.26"]
[SourceQuality "1"]

1. e4 Nc6 2. d4 e5 3. d5 Nce7 4. c4 Ng6 5. Nc3 Bb4 6. Bd3 Bxc3+ 7. bxc3 Nf6 8. Ne2 0-0 9. 0-0 d6 10. h3 Nh5 11. f4 exf4 12. Nxf4 Nhxf4 13. Bxf4 Nxf4 14. Rxf4 Qg5 15. Qf3 f6 16. h4 Qe5 17. Bc2 Bd7 18. Rf1 Rae8 19. g4 Qe7 20. Kg2 g5 21. Rxf6 Rxf6 22. Qxf6 Qxf6 23. Rxf6 Bxg4 24. hxg5 Be2 25. c5 dxc5 26. Kf2 Bc4 27. a3 Re5 28. g6 hxg6 29. Rxg6+ Kf7 30. Rh6 Kg7 31. Rh4 b5 32. Kf3 a5 33. Kf4 Re7 34. Rg4+ Kf7 35. Kf5 b4 36. axb4 cxb4 37. cxb4 axb4 38. Rg3 Re8 39. Rh3 Rf8 40. Ke5 Ke7 41. Kd4 Rf2 42. Rh7+ Kd8 43. Kxc4 Rxc2+ 44. Kxb4 Re2 45. Rh4 Kd7 46. Kc5 Rc2+ 47. Kd4 Rg2 48. Rh7+ Kd8 49. Ke5 Rg6 50. Kf5 Rd6 51. e5 Rxd5 52. Kf6 Kc8 53. e6 Rd1 54. Rh8+ Kb7 55. e7 Rf1+ 56. Kg5 Rg1+ 57. Kf4 Rf1+ 58. Kg3 Re1 59. e8Q Rxe8 60. Rxe8 c5 61. Kf3 Kb6 62. Ke3 Kb5 63. Kd3 c4+ 64. Kc3 Kc5 65. Rc8+ Kd5 66. Rxc4 1-0